El destino de Jesús: su vida y su muerte

সংরক্ষণ করুন:
গ্রন্থ-পঞ্জীর বিবরন
প্রধান লেখক: Schurmann, Heinz (Author)
বিন্যাস: গ্রন্থ
ভাষা:স্প্যানিশ
প্রকাশিত: Salamanca Ediciones Sígueme 2003
সংস্করন:1a. ed
মালা:Biblioteca de Estudios Bíblicos, 109
বিষয়গুলি:
ট্যাগগুলো: ট্যাগ যুক্ত করুন
কোনো ট্যাগ নেই, প্রথমজন হিসাবে ট্যাগ করুন!

MARC

LEADER 00000cam a2200000 a 4500
001 UCE1731
003 CL-VaPUC
008 140508e20030000sp |||||||||||||||||spa|d
020 |a 8430114815 
082 0 4 |a 232.9  |b SCH  |2 21 
100 0 |a Schurmann, Heinz  |e author  |9 574117 
245 1 3 |a El destino de Jesús: su vida y su muerte 
250 |a 1a. ed 
300 |a 389 p 
942 |c BK 
945 |d 20140508 16:03:00  |a dcastane 
260 |a Salamanca  |b Ediciones Sígueme  |c 2003 
650 0 |a Cristología   |9 315091 
650 0 |a Vida de Jesús  |9 478097 
583 |a last modification  |c 20140508 16:03:00  |k Rodrigo Vera 
490 0 |a Biblioteca de Estudios Bíblicos, 109 
999 |c 355452  |d 355450 
952 |0 0  |1 2  |3 erb  |4 0  |6 232_900000000000000_SCH_2003  |7 0  |8 A  |9 462182  |a BIBTEO  |b BIBTEO  |i 5073820  |o 232.9 SCH 2003  |p 5073820  |r 2019-11-23  |w 2019-11-23  |y BK  |z Catalogado en:20140508  |k ICR